How many music notes do you know? - Statistics

General Stats
  • This quiz has been taken 421 times
  • The average score is 7 of 15
Answer Stats
Picture Answer % Correct
quarter note
90%
whole note
68%
half note
66%
bass clef
62%
quarter rest
59%
eighth note
58%
half rest
54%
whole rest
51%
time signature
44%
dotted quarter note
41%
dotted half note
40%
slur
40%
G clef
28%
Alto clef
26%
common time
20%
No matching quizzes found
Score Distribution
Percent of People with Each Score
Percentile by Number Answered
Your Score History
You have not taken this quiz